000 005090000a22001930004500
020 _a84-7228-941-9
041 0 _aSPA
082 0 4 _aG 241.1 V695e
100 1 _aCarder, Jaime
245 1 0 _aEl enigma del sufrimiento humano / Jaime Carder
260 _aTerrassa, Barcelona, España : CLIE
300 _a87 Pag
650 1 4 _aETICA CRISTIANA \ SUFRIMIENTO
001 4840
942 _cBK
999 _c35385
_d35385
336 _atexto
_btxt
_2rdacontent
337 _2rdamedia
_asin mediación
_bn
338 _2rdacarrier
_avolumen
_bnc